00849nam a2200169 a 4500003000200000005001700002008004100019050003200060100002400092245016700116260009000283300004800373504004100421650008600462650007800548650005300626020250507091105.0050808s19uu xx 00 eng d aPHS HQ 76.27.A37b.K35 2005 aKaliski, Nicklas D. aThe Perceptions of heterosexual male fourth year high school students of Theresiana Chinese school on the discrimination of male homosexual /cNicklas D. Kaliski. aLas Piñas City, Philippines :bSouthville International School and Colleges,c2005. aunnumbered pages :billustrations ;c28 cm. aIncludes bibliographical references. 2Library of Congress Subject HeadingsaHomosexualityxSocial aspectszPhilippines. 2Library of Congress Subject HeadingsaMale homosexualityxDiscrimination. aDiscrimination against homosexualszPhilippines.